De la revolución a la restauración: elecciones en Centroamérica /
Guardado en:
| Hovedforfatter: | |
|---|---|
| Format: | Texto |
| Fag: | |
| Tags: |
Tilføj Tag
Ingen Tags, Vær først til at tagge denne postø!
|
MARC
| LEADER | 00000 a a2200000 04500 | ||
|---|---|---|---|
| 001 | 258 | ||
| 003 | |||
| 040 | |||
| 100 | |a Castillo, Rolando | ||
| 245 | |a De la revolución a la restauración: |b elecciones en Centroamérica / |c Rolando Castillo | ||
| 650 | |a ELECCIONES | ||
| 650 | |a PARTIDOS POLITICOS | ||
| 650 | |a AMERICA CENTRAL | ||
| 773 | |g número 2; páginas 7-13 | ||
| 999 | |c 22375 |d 22375 | ||
| 773 | 0 | |0 41952 |9 3365 |d Madrid: Solidaridad para el desarrollo y la paz, SODEPAZ-SODEPAU; Asociación Andaluza por la solidaridad y la paz 1990- |o 03622 |t Africa América Latina: |x 11302569 | |
